| 000 | 01505nam a22004930a 4500 | ||
|---|---|---|---|
| 001 | PT13036 | ||
| 003 | AR-LpoUNG | ||
| 005 | 20210131232533.0 | ||
| 008 | 191001s1978||||ag |||||||||||||||||spa d | ||
| 040 |
_aAR-LpoUNG _bspa _cAR-LpoUNG _eaacr |
||
| 041 | _aspa | ||
| 044 | _aag | ||
| 082 | 0 | _a982.12 423man | |
| 100 | 1 | _aWeinberg, Felix | |
| 245 | 1 | 0 | _aManual de historia de Bahía Blanca |
| 250 | _a2º edición - corregida | ||
| 260 |
_aBahía Blanca : _bUniversidad Nacional del Sur, _c1978. |
||
| 300 |
_a288 p. : _btbls. |
||
| 520 | _aEsta obra tiene como propósito su utilización para la enseñanza de la historia regional, y también para el público en general, interesado en conocer la trayectoria de la historia bahiense. | ||
| 650 | 4 | _aARGENTINA | |
| 650 | 4 | _aASPECTOS POLITICOS | |
| 650 | 4 | _aCULTURA | |
| 650 | 4 | _aHISTORIA SOCIAL | |
| 650 | 4 | _aINMIGRACION | |
| 650 | 4 | _aPOBLACION | |
| 650 | 4 | _aPOBLACION INDIGENA | |
| 650 | 4 | _aPOLITICA | |
| 650 | 4 | _aSOCIEDAD | |
| 651 | 4 | _aArgentina | |
| 700 | 1 | _aCernadas de Bulnes, M. N. | |
| 700 | 1 | _aCignetti, Ana M. | |
| 700 | 1 | _aEstecondo, Cristina | |
| 700 | 1 | _aMazeris, M. Brondolo de | |
| 700 | 1 | _aMonacci, Gustavo A. | |
| 700 | 1 | _aPerez Amat, M. E. | |
| 700 | 1 | _aPriegue, Celia N. | |
| 700 | 1 | _aScheines de Tiverovsky, D. | |
| 700 | 1 | _aSilva, Hernan A. | |
| 700 | 1 | _aSilva, R.Güenaga de | |
| 700 | 1 | _aZapico, Hilda Raquel | |
| 700 | 1 | _aZinger de Bilhe, A. S. | |
| 905 | _a13036 | ||
| 942 | _cLIB | ||
| 999 |
_c16154 _d16154 |
||